Capitales de la Ligue Arabe - Statistiques

Statistiques générales
  • Ce quiz a été pris 838 fois
  • Le résultat moyen est 16 sur 22
Statistiques - réponses
Pays Capitales % Correct
Algérie Alger
100%
Égypte Le Caire
94%
Tunisie Tunis
93%
Maroc Rabat
92%
Arabie Saoudite Riyad
87%
Émirats Arabes Unis Abou Dabi
84%
Irak Bagdad
83%
Qatar Doha
81%
Liban Beyrouth
80%
Syrie Damas
78%
Koweït Koweït
75%
Libye Tripoli
75%
Palestine Jérusalem
73%
Djibouti Djibouti
70%
Jordanie Amman
64%
Yémen Sanaa
61%
Bahreïn Manama
54%
Mauritanie Nouakchott
54%
Oman Mascate
50%
Soudan Khartoum
49%
Comores Moroni
40%
Somalie Mogadiscio
39%
Aucun quiz correspondant
Distribution des résultats
% des personnes avec chaque résultat
Percentile par nombre de réponses
Votre historique - résultats
Vous n’avez pas pris ce quiz